000 01004nam a2200301Ia 4500
003 OSt
005 20221007125648.0
006 a|||||r|||| 00| 0
007 ta
008 221006b |||||||| |||| 00| 0 eng d
020 _a0195685229 (pbk)
_cRs.495.00
024 _a65428
037 _b91/2006-07, 12/09/2006, Educational Book Agency (India)
_cTextual
040 _aCDL
_cCDL
_beng
041 _2eng
_aeng
082 _aE:2, N8;P6-;1 Carc
100 _aAtkins Peter
_9277344
245 0 _aPhysical chemistry
_b Paula Julio De
250 _a8
260 _aNew
_bYork Oxford University Press
_c2006
300 _axxx, 1064p.
_ccm.
500 _aAppendix A1-A3, 959-987p.; Index 1051-1064p.
650 _a Physical chemistry
_9192709
650 _aChemistry
700 _a Paula Julio De
_9719853
942 _hE:2, N8;P6-;1 Carc
_cTEXL
_2CC
999 _c1215667
_d1215667